| 000 | 00551cam a2200181 4500500 | ||
|---|---|---|---|
| 005 | 20260405003111.0 | ||
| 041 | _afre | ||
| 042 | _adc | ||
| 100 | 1 | 0 |
_aRontard, Yseult _eauthor |
| 245 | 0 | 0 | _aConditions premières d’un travail non servile |
| 260 | _c2020. | ||
| 500 | _a76 | ||
| 690 | _aSimone Weil | ||
| 690 | _aTravail | ||
| 690 | _aUsine | ||
| 786 | 0 | _nPhilosophie magazine | 141 | 8 | 2020-08-01 | p. 65-65 | 1951-1787 | |
| 856 | 4 | 1 | _uhttps://shs.cairn.info/magazine-philosophie-magazine-2020-8-page-65?lang=fr&redirect-ssocas=7080 |
| 999 |
_c2064375 _d2064375 |
||